000 00787cam a2200241 4500
008 090401t1996 xxu||||| |||| 00| 0 eng d
020 _a1851123067
035 _a(Sirsi) u41484
041 _aeng
050 _a333.73
110 _aUnited Kingdom
_bDepartment of the Environment
_9982
245 _aRoad vehicle fuelling, service and repair : trasport and haulage centres.
260 _aLondon
_bDepartment of the Environment
_c1996
300 _aiii,12p. ; 30cm.
350 _a10
490 _aDoE Industry Profile
520 _aProfile based on the work by Dames and Moore International, prepared for publication by BRE.
650 _aCONTAMINATED LAND
650 _aWASTE MANAGEMENT
690 _aENVIRONMENTAL AND LAND CONSULTANCY
942 _n0
948 _c04/03/1997
999 _c90942
_d90942